[Event "PokerStars Masters 2nd"]
[Site "Douglas"]
[Date "2015.10.07"]
[Round "5.34"]
[White "Efroimski, Marsel"]
[Black "Roberson, Peter T"]
[Result "1/2-1/2"]
[WhiteElo "2255"]
[BlackElo "2423"]
[PlyCount "94"]
[EventDate "2015.10.03"]
[EventType "swiss"]
[EventRounds "9"]
[EventCountry "IOM"]
[SourceTitle "twic1065-1099"]
[Source "Mark Crowther"]
[SourceDate "2015.12.04"]
[SourceVersion "1"]
[SourceVersionDate "2015.12.04"]
[SourceQuality "1"]

1. e4 e6 2. d4 d5 3. Nd2 c5 4. exd5 Qxd5 5. Ngf3 cxd4 6. Bc4 Qd6 7. O-O Nf6 8.
Nb3 Nc6 9. Nbxd4 Nxd4 10. Nxd4 a6 11. Re1 Qc7 12. Qe2 h6 13. Nf5 g6 14. Nd4 Bg7
15. Bxe6 fxe6 16. Nxe6 Bxe6 17. Qxe6+ Kf8 18. b3 Qf7 19. Ba3+ Kg8 20. Qxf7+
Kxf7 21. Re7+ Kg8 22. Rxb7 Rh7 23. Re1 Bf8 24. Rb6 Nd7 25. Rxg6+ Kf7 26. Ree6
Bxa3 27. Rxa6 Re8 28. Kf1 Bb4 29. f4 Re1+ 30. Kf2 Rc1 31. Rgc6 Bc5+ 32. Rxc5
Nxc5 33. Ra7+ Kg8 34. Ra8+ Kg7 35. Ra7+ Kh8 36. Ra8+ Kg7 37. Ra7+ Kg8 38. Ra8+
Kf7 39. Ra7+ Kg6 40. f5+ Kxf5 41. Rxh7 Rxc2+ 42. Ke3 Rxa2 43. Rxh6 Nxb3 44. Rb6
Nd2 45. Rb5+ Kg6 46. Rb6+ Kf5 47. Rb5+ Kg6 1/2-1/2

[Event "PokerStars Masters 2nd"]
[Site "Douglas"]
[Date "2015.10.07"]
[Round "5.35"]
[White "Eggleston, David"]
[Black "Zwahr, Paul"]
[Result "0-1"]
[WhiteElo "2404"]
[BlackElo "2326"]
[PlyCount "56"]
[EventDate "2015.10.03"]
[EventType "swiss"]
[EventRounds "9"]
[EventCountry "IOM"]
[SourceTitle "twic1065-1099"]
[Source "Mark Crowther"]
[SourceDate "2015.12.04"]
[SourceVersion "1"]
[SourceVersionDate "2015.12.04"]
[SourceQuality "1"]

1. e4 c5 2. Nf3 d6 3. d4 cxd4 4. Nxd4 Nf6 5. Nc3 g6 6. Be3 Bg7 7. f3 O-O 8. Qd2
Nc6 9. O-O-O d5 10. exd5 Nxd5 11. Nxc6 bxc6 12. Bd4 Bxd4 13. Qxd4 Qb6 14. Na4
Qa5 15. b3 Be6 16. h4 Rad8 17. Qe5 Qb4 18. Re1 Bf5 19. Bc4 Nb6 20. Qc3 Qa3+ 21.
Nb2 Qxa2 22. Nd3 Nxc4 23. Qxc4 Bxd3 24. cxd3 Qxg2 25. h5 Rd5 26. hxg6 hxg6 27.
Qc3 e5 28. Rh4 Qg5+ 0-1

[Event "PokerStars Masters 2nd"]
[Site "Douglas"]
[Date "2015.10.07"]
[Round "5.36"]
[White "L'Ami, Alina"]
[Black "Mertens, Heiko"]
[Result "1-0"]
[WhiteElo "2369"]
[BlackElo "2309"]
[PlyCount "35"]
[EventDate "2015.10.03"]
[EventType "swiss"]
[EventRounds "9"]
[EventCountry "IOM"]
[SourceTitle "twic1065-1099"]
[Source "Mark Crowther"]
[SourceDate "2015.12.04"]
[SourceVersion "1"]
[SourceVersionDate "2015.12.04"]
[SourceQuality "1"]

1. d4 d5 2. c4 dxc4 3. Nf3 Nf6 4. e3 e6 5. Bxc4 a6 6. O-O c5 7. Bb3 Nc6 8. Nc3
Qc7 9. d5 exd5 10. Nxd5 Nxd5 11. Qxd5 b5 12. Ng5 c4 13. Nxf7 Qd7 14. Qf3 Bb7
15. Nxh8 cxb3 16. Rd1 Qe6 17. Qh5+ Ke7 18. e4 1-0

[Event "PokerStars Masters 2nd"]
[Site "Douglas"]
[Date "2015.10.07"]
[Round "5.37"]
[White "Jackson, James P"]
[Black "Grant, Jonathan"]
[Result "0-1"]
[WhiteElo "2368"]
[BlackElo "2225"]
[PlyCount "120"]
[EventDate "2015.10.03"]
[EventType "swiss"]
[EventRounds "9"]
[EventCountry "IOM"]
[SourceTitle "twic1065-1099"]
[Source "Mark Crowther"]
[SourceDate "2015.12.04"]
[SourceVersion "1"]
[SourceVersionDate "2015.12.04"]
[SourceQuality "1"]

1. e4 c6 2. d4 d5 3. Nc3 dxe4 4. Nxe4 Bf5 5. Nf3 Bg6 6. h4 h6 7. Ng3 Nd7 8. h5
Bh7 9. Bd3 Bxd3 10. Qxd3 e6 11. Bd2 Ngf6 12. O-O-O Be7 13. Kb1 Rc8 14. Ne4 c5
15. dxc5 Nxc5 16. Nxc5 Bxc5 17. Qb5+ Qd7 18. Qe2 Qa4 19. Rh4 Qc6 20. Ne5 Qb6
21. Nc4 Qc6 22. Bc3 Qxg2 23. Bxf6 gxf6 24. Re4 Rd8 25. Rf1 Rg8 26. Na5 Rd7 27.
Nb3 Rg5 28. a3 a6 29. Ka2 Kf8 30. c4 b6 31. Nxc5 bxc5 32. Re1 Qh3 33. f4 Rg2
34. Qf1 Rdd2 35. R4e2 Rgxe2 36. Qxh3 Rxe1 37. Qc3 Ree2 38. Kb3 Rxb2+ 39. Ka4
Kg7 40. Qg3+ Kf8 41. Qc3 Ke7 42. Qf3 Rec2 43. Qd3 Rd2 44. Qc3 Rbc2 45. Qb3
Rxc4+ 46. Ka5 Rdd4 47. Qb7+ Kf8 48. Qc8+ Kg7 49. f5 e5 50. Kb6 Rc3 51. Qc6 Rcc4
52. Qf3 Rf4 53. Qg2+ Rg4 54. Qf3 Rcf4 55. Qa8 e4 56. Qxa6 e3 57. Qe2 Re4 58.
Kxc5 Re5+ 59. Kb6 Rg5 60. a4 Rgxf5 0-1

[Event "PokerStars Masters 2nd"]
[Site "Douglas"]
[Date "2015.10.07"]
[Round "5.38"]
[White "Player, Edmund C"]
[Black "Arakhamia-Grant, Ketevan"]
[Result "0-1"]
[WhiteElo "2200"]
[BlackElo "2363"]
[PlyCount "130"]
[EventDate "2015.10.03"]
[EventType "swiss"]
[EventRounds "9"]
[EventCountry "IOM"]
[SourceTitle "twic1065-1099"]
[Source "Mark Crowther"]
[SourceDate "2015.12.04"]
[SourceVersion "1"]
[SourceVersionDate "2015.12.04"]
[SourceQuality "1"]

1. e4 c5 2. Nf3 e6 3. c4 Nc6 4. Nc3 Nf6 5. Be2 a6 6. O-O Qc7 7. Re1 Be7 8. Bf1
O-O 9. d3 d6 10. b3 Nd7 11. d4 cxd4 12. Nxd4 Nxd4 13. Qxd4 Bf6 14. Qd2 b5 15.
Bb2 bxc4 16. Bxc4 Ne5 17. Bf1 Bb7 18. Rac1 Qd8 19. Na4 Bg5 20. f4 Bh6 21. Qb4
Bxf4 22. Bxe5 dxe5 23. Qxb7 Bxc1 24. Rxc1 Qd2 25. Qc6 Rad8 26. Qc3 Qf4 27. Re1
Rd2 28. Qe3 a5 29. Qxf4 exf4 30. Re2 Rd1 31. Rc2 Rfd8 32. Nc3 R1d2 33. Rxd2
Rxd2 34. a4 g5 35. Bc4 Kg7 36. Ne2 Kf6 37. Kf2 Ke5 38. Kf3 h5 39. g4 hxg4+ 40.
Kxg4 Kxe4 41. Kxg5 f3 42. Ng3+ Ke5 43. Kg4 Rxh2 44. Kxf3 Kd4 45. Ne2+ Ke5 46.
Nf4 Rh4 47. Nd3+ Kd4 48. Nf4 Rh6 49. Ne2+ Ke5 50. Ke3 Rh3+ 51. Kd2 Kd6 52. Nc1
f5 53. Nd3 e5 54. Bf7 e4 55. Nf4 Rf3 56. Ne2 Ke5 57. Bc4 Rh3 58. Nc3 Rh2+ 59.
Ke1 f4 60. Kd1 Kd4 61. Ne2+ Ke3 62. Nc3 f3 63. Nd5+ Kd4 64. Ne7 e3 65. Nc6+ Kc3
0-1

[Event "PokerStars Masters 2nd"]
[Site "Douglas"]
[Date "2015.10.07"]
[Round "5.39"]
[White "Walton, Alan J"]
[Black "Ciuksyte, Dagne"]
[Result "0-1"]
[WhiteElo "2205"]
[BlackElo "2354"]
[PlyCount "84"]
[EventDate "2015.10.03"]
[EventType "swiss"]
[EventRounds "9"]
[EventCountry "IOM"]
[SourceTitle "twic1065-1099"]
[Source "Mark Crowther"]
[SourceDate "2015.12.04"]
[SourceVersion "1"]
[SourceVersionDate "2015.12.04"]
[SourceQuality "1"]

1. d4 d5 2. c4 e6 3. Nc3 Nf6 4. cxd5 exd5 5. Bg5 Be7 6. Qc2 O-O 7. e3 Nbd7 8.
Bd3 c6 9. Nge2 Re8 10. O-O Nf8 11. f3 g6 12. Kh1 Ne6 13. Bh4 b6 14. Rad1 Bb7
15. Bf2 c5 16. Qb1 Rc8 17. Bc2 cxd4 18. exd4 Nh5 19. Be3 Bd6 20. Qc1 Ba6 21.
Bd3 Bxd3 22. Rxd3 Qh4 23. f4 Nexf4 24. Bxf4 Nxf4 25. Nxf4 Bxf4 26. g3 Bxc1 27.
gxh4 Bxb2 28. Nxd5 Kg7 29. Rf2 Bc1 30. h5 Rcd8 31. Nb4 a5 32. Nc6 Rd5 33. hxg6
hxg6 34. Rf1 Bb2 35. Rb1 Re2 36. Rb3 Rc2 37. R1xb2 Rxc6 38. Rxb6 Rxb6 39. Rxb6
Rxd4 40. Rb2 a4 41. Kg2 a3 42. Re2 Rb4 0-1

[Event "PokerStars Masters 2nd"]
[Site "Douglas"]
[Date "2015.10.07"]
[Round "5.40"]
[White "Vuilleumier, Alexandre"]
[Black "Kolbus, Dietmar"]
[Result "1/2-1/2"]
[WhiteElo "2345"]
[BlackElo "2300"]
[PlyCount "108"]
[EventDate "2015.10.03"]
[EventType "swiss"]
[EventRounds "9"]
[EventCountry "IOM"]
[SourceTitle "twic1065-1099"]
[Source "Mark Crowther"]
[SourceDate "2015.12.04"]
[SourceVersion "1"]
[SourceVersionDate "2015.12.04"]
[SourceQuality "1"]

1. e4 e6 2. d4 d5 3. Nc3 Bb4 4. e5 Ne7 5. a3 Bxc3+ 6. bxc3 b6 7. a4 Ba6 8. Bxa6
Nxa6 9. Qe2 Nb8 10. Ba3 Nbc6 11. Nf3 Na5 12. O-O Nc4 13. Nd2 Nxd2 14. Qxd2 Nc6
15. Qd3 Na5 16. Qg3 g6 17. h4 h5 18. Bc1 Kd7 19. Bg5 Qf8 20. Rfb1 Nc4 21. a5 a6
22. axb6 cxb6 23. Ra4 b5 24. Rxc4 bxc4 25. Rb6 Kc7 26. Rd6 Qe8 27. Qf4 Kb7 28.
Qf6 Rc8 29. Kh2 Rc7 30. Bc1 Rg8 31. Ba3 Qa4 32. Bc5 Rgc8 33. Rb6+ Ka8 34. Bd6
Ka7 35. Bxc7 Rxc7 36. Rb4 Qd7 37. Kg3 Rb7 38. Qh8 Qe7 39. Ra4 Rb5 40. Qc8 Qb7
41. Qf8 Qc7 42. Rb4 Rb6 43. Kf4 a5 44. Ra4 Rb8 45. Qd6 Qxd6 46. exd6 Kb6 47.
Ke5 Rb7 48. Ra1 Ra7 49. Rb1+ Kc6 50. Rb8 a4 51. Rc8+ Kd7 52. Rf8 Kc6 53. Rc8+
Kd7 54. Rf8 Kc6 1/2-1/2

[Event "PokerStars Masters 2nd"]
[Site "Douglas"]
[Date "2015.10.07"]
[Round "5.41"]
[White "Mannion, Stephen R"]
[Black "House, Glenn L"]
[Result "0-1"]
[WhiteElo "2344"]
[BlackElo "2229"]
[PlyCount "86"]
[EventDate "2015.10.03"]
[EventType "swiss"]
[EventRounds "9"]
[EventCountry "IOM"]
[SourceTitle "twic1065-1099"]
[Source "Mark Crowther"]
[SourceDate "2015.12.04"]
[SourceVersion "1"]
[SourceVersionDate "2015.12.04"]
[SourceQuality "1"]

1. e4 c5 2. Nf3 e6 3. d4 cxd4 4. Nxd4 Nf6 5. Nc3 d6 6. g4 h6 7. Rg1 Nc6 8. Be3
a6 9. Qe2 Nxd4 10. Bxd4 e5 11. Be3 Be6 12. O-O-O Qa5 13. a3 Rc8 14. Bd2 Be7 15.
Rg3 Qc7 16. Bg2 g5 17. Be1 Qc4 18. Rdd3 Kf8 19. Qd1 Kg7 20. Bd2 b5 21. Rde3 Rb8
22. Bf1 Qc6 23. Be1 Rhc8 24. b4 Qb7 25. Kb2 Rc7 26. h3 Rbc8 27. Be2 a5 28. Nxb5
Rxc2+ 29. Qxc2 Rxc2+ 30. Kxc2 axb4 31. Bxb4 Nxe4 32. Rg1 Nxf2 33. Nc3 d5 34.
Rf1 Bxb4 35. axb4 d4 36. Rf3 Qxb4 37. R1xf2 Qb3+ 38. Kc1 dxc3 39. Bd3 Bd5 40.
Re3 Qa3+ 41. Kd1 Qa1+ 42. Ke2 Qc1 43. Be4 c2 0-1

[Event "PokerStars Masters 2nd"]
[Site "Douglas"]
[Date "2015.10.07"]
[Round "5.42"]
[White "Byron, Alan M"]
[Black "Ambartsumova, Karina"]
[Result "0-1"]
[WhiteElo "2188"]
[BlackElo "2262"]
[PlyCount "114"]
[EventDate "2015.10.03"]
[EventType "swiss"]
[EventRounds "9"]
[EventCountry "IOM"]
[SourceTitle "twic1065-1099"]
[Source "Mark Crowther"]
[SourceDate "2015.12.04"]
[SourceVersion "1"]
[SourceVersionDate "2015.12.04"]
[SourceQuality "1"]

1. e4 e5 2. Nf3 Nc6 3. Bb5 a6 4. Ba4 Nf6 5. O-O Be7 6. Re1 b5 7. Bb3 O-O 8. h3
Bb7 9. d3 d5 10. exd5 Nxd5 11. Nxe5 Nxe5 12. Rxe5 Qd6 13. Re1 Rae8 14. Nd2 c5
15. Nf3 Nf4 16. Bxf4 Qxf4 17. Qd2 Qd6 18. Qe2 Qg6 19. Qe3 c4 20. dxc4 Bb4 21.
Qd3 Qxd3 22. cxd3 Bxe1 23. Nxe1 Re2 24. c5 a5 25. Rd1 Rfe8 26. Kf1 a4 27. Bc2
Rxe1+ 28. Rxe1 Bxg2+ 29. Kxg2 Rxe1 30. d4 Kf8 31. Kf3 Ra1 32. Bd3 Rxa2 33. Bxb5
Rxb2 34. Bxa4 Rb4 35. Bc6 Rxd4 36. Bb7 Ke7 37. c6 Kd6 38. Kg3 Rc4 39. Kg2 Rd4
40. Kg3 Rb4 41. Ba8 Rc4 42. Bb7 Rxc6 43. Bxc6 Kxc6 44. Kf4 Kd6 45. Ke4 Ke6 46.
Kf4 Kf6 47. Ke4 Kg5 48. Kf3 h5 49. Kg3 h4+ 50. Kf3 Kf5 51. Ke3 g5 52. Kf3 f6
53. Kg2 Kf4 54. Kg1 Kf3 55. Kf1 f5 56. Kg1 Ke2 57. Kg2 f4 0-1

[Event "PokerStars Masters 2nd"]
[Site "Douglas"]
[Date "2015.10.07"]
[Round "5.43"]
[White "Klein, Gernot"]
[Black "Jedynak, Radoslaw"]
[Result "1/2-1/2"]
[WhiteElo "1881"]
[BlackElo "2427"]
[PlyCount "91"]
[EventDate "2015.10.03"]
[EventType "swiss"]
[EventRounds "9"]
[EventCountry "IOM"]
[SourceTitle "twic1065-1099"]
[Source "Mark Crowther"]
[SourceDate "2015.12.04"]
[SourceVersion "1"]
[SourceVersionDate "2015.12.04"]
[SourceQuality "1"]

1. e4 e6 2. Qe2 e5 3. Nf3 Nc6 4. c3 d6 5. d4 exd4 6. cxd4 Bg4 7. Be3 g6 8. Nc3
Bg7 9. Rd1 Nge7 10. h3 Bd7 11. Qd2 O-O 12. Bh6 a6 13. Bxg7 Kxg7 14. Be2 d5 15.
exd5 Nb4 16. d6 cxd6 17. d5 a5 18. O-O Qb6 19. a3 Na6 20. Ne4 Bf5 21. Ng3 f6
22. Nxf5+ Nxf5 23. Bxa6 Qxa6 24. g4 Ne7 25. Nd4 Rf7 26. Ne6+ Kh8 27. Nc7 Qa7
28. Nxa8 Qxa8 29. Rfe1 f5 30. Rc1 fxg4 31. hxg4 Qf8 32. Rc7 h5 33. Qg5 Nxd5 34.
Rxf7 Qxf7 35. Qd8+ Kh7 36. Qxd6 Qf3 37. g5 Qg4+ 38. Qg3 Qd4 39. Qd6 Qg4+ 40.
Qg3 Qd7 41. Rd1 Qf5 42. Qg2 Ne7 43. Re1 Nd5 44. Rd1 Ne7 45. Re1 Nd5 46. Rd1
1/2-1/2

[Event "PokerStars Masters 2nd"]
[Site "Douglas"]
[Date "2015.10.07"]
[Round "5.44"]
[White "Allen, Keith"]
[Black "Hewson, Brian Wr"]
[Result "1-0"]
[WhiteElo "2210"]
[BlackElo "2059"]
[PlyCount "35"]
[EventDate "2015.10.03"]
[EventType "swiss"]
[EventRounds "9"]
[EventCountry "IOM"]
[SourceTitle "twic1065-1099"]
[Source "Mark Crowther"]
[SourceDate "2015.12.04"]
[SourceVersion "1"]
[SourceVersionDate "2015.12.04"]
[SourceQuality "1"]

1. d4 d5 2. c4 e6 3. Nc3 c6 4. e4 dxe4 5. Nxe4 Nd7 6. Nf3 Bb4+ 7. Bd2 Qe7 8. c5
Bxd2+ 9. Qxd2 Ngf6 10. Nd6+ Kf8 11. Ng5 e5 12. O-O-O Ne8 13. Ndxf7 exd4 14.
Nxh8 Qxc5+ 15. Kb1 Ndf6 16. Rc1 Bf5+ 17. Ka1 Qd6 18. Ngf7 1-0

[Event "PokerStars Masters 2nd"]
[Site "Douglas"]
[Date "2015.10.07"]
[Round "5.45"]
[White "Winter, Kevin"]
[Black "Gikas, Andreas Basilius"]
[Result "0-1"]
[WhiteElo "1811"]
[BlackElo "2208"]
[PlyCount "74"]
[EventDate "2015.10.03"]
[EventType "swiss"]
[EventRounds "9"]
[EventCountry "IOM"]
[SourceTitle "twic1065-1099"]
[Source "Mark Crowther"]
[SourceDate "2015.12.04"]
[SourceVersion "1"]
[SourceVersionDate "2015.12.04"]
[SourceQuality "1"]

1. e4 c5 2. d4 cxd4 3. c3 d5 4. exd5 Qxd5 5. cxd4 Nf6 6. Nc3 Qd6 7. Nf3 e6 8.
Bd3 Be7 9. O-O O-O 10. Nb5 Qd8 11. Bf4 Nd5 12. Bg3 a6 13. Nc3 Nc6 14. Re1 Nxc3
15. bxc3 Bf6 16. Qc2 g6 17. Rad1 Bd7 18. Ne5 Rc8 19. Qe2 Bg7 20. Qd2 Nxe5 21.
Bxe5 Bc6 22. Bxg7 Kxg7 23. Re5 Bd5 24. Rc1 b5 25. Re3 Qg5 26. g3 Rc7 27. Qe1
Rfc8 28. Re5 Qf6 29. f4 Bxa2 30. Qd2 Bd5 31. g4 Qh4 32. Be2 Qh3 33. Kf2 Qxh2+
34. Ke1 Qg3+ 35. Kd1 Bb3+ 36. Rc2 Rxc3 37. f5 Bxc2+ 0-1

[Event "PokerStars Masters 2nd"]
[Site "Douglas"]
[Date "2015.10.07"]
[Round "5.46"]
[White "Hill, Alistair"]
[Black "Sipos, Silvester"]
[Result "1-0"]
[WhiteElo "2180"]
[BlackElo "2003"]
[PlyCount "97"]
[EventDate "2015.10.03"]
[EventType "swiss"]
[EventRounds "9"]
[EventCountry "IOM"]
[SourceTitle "twic1065-1099"]
[Source "Mark Crowther"]
[SourceDate "2015.12.04"]
[SourceVersion "1"]
[SourceVersionDate "2015.12.04"]
[SourceQuality "1"]

1. d4 Nf6 2. c4 e6 3. Nf3 d5 4. g3 Be7 5. Bg2 O-O 6. O-O b6 7. cxd5 exd5 8. Ne5
Bb7 9. Nc3 a6 10. Qb3 h6 11. Be3 c6 12. Rac1 Nbd7 13. Bh3 b5 14. Nd3 Bd6 15.
Na4 a5 16. Nac5 Bc8 17. Bg2 Re8 18. Rfe1 Nb6 19. Bf4 Nc4 20. Qc2 Ra7 21. b3 Bf5
22. Qd1 Bxf4 23. Nxf4 Nd6 24. Nfd3 Nd7 25. Nxd7 Bxd7 26. Ne5 Qa8 27. Qc2 Rc8
28. Nxd7 Rxd7 29. Bh3 f5 30. Bxf5 Nxf5 31. Qxf5 Re7 32. Qg6 Qb7 33. Rc2 Qd7 34.
Rec1 Re6 35. Qg4 Qe7 36. e3 Qe8 37. Rc5 Rd8 38. Qf4 Rdd6 39. Qf3 Rf6 40. Qd1 h5
41. h4 Rg6 42. Qc2 Qe6 43. Kh2 Qg4 44. Rg1 Rde6 45. Qd1 Qf5 46. Rg2 Ref6 47. a4
Qd7 48. axb5 cxb5 49. Qxh5 1-0

[Event "PokerStars Masters 2nd"]
[Site "Douglas"]
[Date "2015.10.07"]
[Round "5.47"]
[White "Leutwyler, Martin"]
[Black "Weinstein, Shaul"]
[Result "1/2-1/2"]
[WhiteElo "2156"]
[BlackElo "1991"]
[PlyCount "83"]
[EventDate "2015.10.03"]
[EventType "swiss"]
[EventRounds "9"]
[EventCountry "IOM"]
[SourceTitle "twic1065-1099"]
[Source "Mark Crowther"]
[SourceDate "2015.12.04"]
[SourceVersion "1"]
[SourceVersionDate "2015.12.04"]
[SourceQuality "1"]

1. d4 Nf6 2. c4 e6 3. Nf3 Bb4+ 4. Bd2 Qe7 5. g3 Nc6 6. Nc3 O-O 7. Bg2 d6 8. O-O
Bxc3 9. Bxc3 e5 10. d5 Nb8 11. c5 Nbd7 12. cxd6 cxd6 13. Nd2 b5 14. Nb3 Nb6 15.
Na5 Bb7 16. e4 Rfc8 17. Bb4 Nc4 18. b3 Nxa5 19. Bxa5 Rc5 20. Qd3 Qd7 21. Bb4
Rc7 22. Rfc1 a5 23. Rxc7 Qxc7 24. Bd2 b4 25. Rc1 Qd7 26. Be3 Ba6 27. Qd2 Bb5
28. f3 Kf8 29. Rc2 Rc8 30. Qc1 Rxc2 31. Qxc2 Qb7 32. Bf1 Nd7 33. Kf2 Bxf1 34.
Kxf1 Qb6 35. Qe2 Qb7 36. Qc4 Ke7 37. Ke2 Nb8 38. Kd3 Kd7 39. Kd2 Na6 40. Kd3
Nc7 41. Kd2 Nb5 42. Qd3 1/2-1/2

[Event "PokerStars Masters 2nd"]
[Site "Douglas"]
[Date "2015.10.07"]
[Round "5.48"]
[White "Burrows, Martin"]
[Black "Logallo, Claudio"]
[Result "1-0"]
[WhiteElo "2147"]
[BlackElo "2067"]
[PlyCount "86"]
[EventDate "2015.10.03"]
[EventType "swiss"]
[EventRounds "9"]
[EventCountry "IOM"]
[SourceTitle "twic1065-1099"]
[Source "Mark Crowther"]
[SourceDate "2015.12.04"]
[SourceVersion "1"]
[SourceVersionDate "2015.12.04"]
[SourceQuality "1"]

1. e4 c5 2. Nf3 d6 3. c3 Nf6 4. Bd3 Bg4 5. Bc2 Nc6 6. d3 g6 7. Nbd2 Bg7 8. h3
Bd7 9. O-O O-O 10. Nb3 Qc7 11. a3 Ne5 12. Nxe5 dxe5 13. Be3 b6 14. d4 cxd4 15.
cxd4 exd4 16. Nxd4 e5 17. Ne2 Rad8 18. Qb1 Nh5 19. Nc3 Kh8 20. Nd5 Qb8 21. Qc1
f5 22. Bg5 Rde8 23. Bd1 fxe4 24. Bxh5 gxh5 25. Qe3 Re6 26. Rfd1 Qb7 27. Rac1
Bc6 28. Nb4 Ba4 29. b3 Be8 30. Rd8 a5 31. Nd5 Bc6 32. Rxf8+ Bxf8 33. Bf6+ Bg7
34. Bxg7+ Qxg7 35. Qxb6 Qb7 36. Qxb7 Bxb7 37. Ne3 Rb6 38. Rc5 Rxb3 39. Rxa5
Rb1+ 40. Kh2 Rb2 41. Rxe5 Kg7 42. Kg3 Kg6 43. h4 Ra2 1-0

[Event "PokerStars Masters 2nd"]
[Site "Douglas"]
[Date "2015.10.07"]
[Round "5.49"]
[White "Johnson, Paul A"]
[Black "Zahn, Alina"]
[Result "1/2-1/2"]
[WhiteElo "1882"]
[BlackElo "2130"]
[PlyCount "85"]
[EventDate "2015.10.03"]
[EventType "swiss"]
[EventRounds "9"]
[EventCountry "IOM"]
[SourceTitle "twic1065-1099"]
[Source "Mark Crowther"]
[SourceDate "2015.12.04"]
[SourceVersion "1"]
[SourceVersionDate "2015.12.04"]
[SourceQuality "1"]

1. d4 d5 2. Nf3 Nf6 3. c4 e6 4. Nc3 Be7 5. Bg5 Nbd7 6. e3 O-O 7. Bd3 dxc4 8.
Bxc4 a6 9. Bd3 c5 10. a4 cxd4 11. exd4 Nb6 12. O-O h6 13. Bh4 Nbd5 14. Rc1 Nb4
15. Bb1 b6 16. Qe2 Bb7 17. Rfd1 Rc8 18. Ne5 Nbd5 19. Bxf6 Nxf6 20. Qd3 Re8 21.
Re1 Bd6 22. f4 Bb8 23. Rcd1 Kf8 24. Re3 Nd5 25. Nxd5 Qxd5 26. Rg3 f5 27. Qa3+
Bd6 28. Nd7+ Kf7 29. Qe3 Bxf4 30. Qxf4 Qxd7 31. d5 Bxd5 32. Ba2 Qc7 33. Qxc7+
Rxc7 34. Bxd5 exd5 35. Rxd5 g6 36. Rd6 Re2 37. h4 Rc1+ 38. Kh2 Rc4 39. Rgxg6
Rxh4+ 40. Kg3 Rxa4 41. Rxb6 Rxb2 42. Rgf6+ Kg7 43. Rg6+ 1/2-1/2

[Event "PokerStars Masters 2nd"]
[Site "Douglas"]
[Date "2015.10.07"]
[Round "5.50"]
[White "Cafolla, Peter"]
[Black "Fox, Anthony"]
[Result "1/2-1/2"]
[WhiteElo "2067"]
[BlackElo "2031"]
[PlyCount "70"]
[EventDate "2015.10.03"]
[EventType "swiss"]
[EventRounds "9"]
[EventCountry "IOM"]
[SourceTitle "twic1065-1099"]
[Source "Mark Crowther"]
[SourceDate "2015.12.04"]
[SourceVersion "1"]
[SourceVersionDate "2015.12.04"]
[SourceQuality "1"]

1. d4 d5 2. c4 c6 3. Nf3 Nf6 4. Nc3 a6 5. Ne5 b5 6. c5 Bf5 7. Bf4 e6 8. e3 Be7
9. Be2 O-O 10. g4 Bg6 11. h4 Ne4 12. Nxg6 fxg6 13. Nxe4 dxe4 14. g5 Qd5 15. f3
e5 16. fxe4 Qxe4 17. Bf3 Qf5 18. dxe5 Rd8 19. Qb3+ Kh8 20. Rd1 Nd7 21. Qc3 Nxc5
22. h5 Rxd1+ 23. Kxd1 Rd8+ 24. Ke2 Ne4 25. Qxc6 Nc5 26. hxg6 Qc2+ 27. Kf1 h6
28. gxh6 Rd1+ 29. Bxd1 Qxd1+ 30. Kg2 Qg4+ 31. Bg3 Qe2+ 32. Bf2 Qg4+ 33. Bg3
Qe2+ 34. Kg1 Qd1+ 35. Kg2 Qe2+ 1/2-1/2

[Event "PokerStars Masters 2nd"]
[Site "Douglas"]
[Date "2015.10.08"]
[Round "6.3"]
[White "Melkumyan, Hrant"]
[Black "Naiditsch, Arkadij"]
[Result "0-1"]
[WhiteElo "2622"]
[BlackElo "2682"]
[PlyCount "128"]
[EventDate "2015.10.03"]
[EventType "swiss"]
[EventRounds "9"]
[EventCountry "IOM"]
[SourceTitle "twic1065-1099"]
[Source "Mark Crowther"]
[SourceDate "2015.12.04"]
[SourceVersion "1"]
[SourceVersionDate "2015.12.04"]
[SourceQuality "1"]

1. d4 Nf6 2. c4 e6 3. Nc3 Bb4 4. Nf3 c5 5. g3 Nc6 6. Bg2 Ne4 7. Bd2 Nxd2 8.
Qxd2 cxd4 9. Nxd4 Qb6 10. Nc2 Be7 11. O-O O-O 12. Rfd1 Rd8 13. Rab1 d6 14. Qe3
Qxe3 15. Nxe3 Bd7 16. Rd2 Be8 17. Rbd1 Rd7 18. Ne4 Rad8 19. f4 f5 20. Ng5 Bxg5
21. fxg5 Kf8 22. Kf2 Ke7 23. Bf3 Rc7 24. b3 Ne5 25. Rd4 b5 26. cxb5 Bxb5 27.
Rh4 Rh8 28. Rb4 Rc5 29. a4 Bd7 30. Rbd4 Nf7 31. b4 Rc3 32. b5 Rhc8 33. h4 Be8
34. R4d3 Rxd3 35. Rxd3 d5 36. Rd4 Nd6 37. Rb4 Rc1 38. Ng2 Rc4 39. Rxc4 Nxc4 40.
g4 fxg4 41. Bxg4 Kd6 42. Kg3 e5 43. h5 h6 44. gxh6 gxh6 45. e3 Kc5 46. Kf2 Nd6
47. Nh4 Ne4+ 48. Ke1 Nf6 49. Bd1 Bxh5 50. Bxh5 Nxh5 51. Nf3 e4 52. Ne5 Nf6 53.
Nc6 Kb6 54. Kf2 Ng4+ 55. Ke2 h5 56. Nb4 Kc5 57. Na6+ Kc4 58. Nc7 h4 59. a5 h3
60. b6 h2 61. b7 h1=Q 62. b8=Q Qg2+ 63. Kd1 Nxe3+ 64. Ke1 Qf1+ 0-1

[Event "PokerStars Masters 2nd"]
[Site "Douglas"]
[Date "2015.10.08"]
[Round "6.4"]
[White "Granda Zuniga, Julio E"]
[Black "Sargissian, Gabriel"]
[Result "1/2-1/2"]
[WhiteElo "2667"]
[BlackElo "2679"]
[PlyCount "126"]
[EventDate "2015.10.03"]
[EventType "swiss"]
[EventRounds "9"]
[EventCountry "IOM"]
[SourceTitle "twic1065-1099"]
[Source "Mark Crowther"]
[SourceDate "2015.12.04"]
[SourceVersion "1"]
[SourceVersionDate "2015.12.04"]
[SourceQuality "1"]

1. e4 e5 2. Nf3 Nc6 3. Bb5 Nf6 4. d3 Bc5 5. O-O Nd4 6. Nxd4 Bxd4 7. c3 Bb6 8.
Qf3 c6 9. Ba4 d6 10. h3 h6 11. Nd2 Bc7 12. Re1 O-O 13. Nf1 Nh7 14. Ne3 Qf6 15.
Qg3 Be6 16. Bc2 Kh8 17. a4 a5 18. b3 h5 19. Bb2 d5 20. exd5 cxd5 21. d4 h4 22.
Qh2 Rac8 23. Ng4 Bxg4 24. hxg4 exd4 25. Qh3 dxc3 26. Bxc3 Bh2+ 27. Qxh2 Rxc3
28. Bxh7 Kxh7 29. Rad1 Rxb3 30. Rxd5 Kg8 31. Rxa5 Qe6 32. Qe5 Qxg4 33. Qe4 Rb4
34. Qxg4 Rxg4 35. Rb1 Rc8 36. Rxb7 Rf4 37. Rb2 Rc1+ 38. Kh2 Ra1 39. Ra8+ Kh7
40. a5 g5 41. Rab8 Rxa5 42. R8b5 Rxb5 43. Rxb5 Kg6 44. Rb2 g4 45. g3 Rf3 46.
gxh4 Kh5 47. Kg2 Kxh4 48. Rb8 Kg5 49. Rb5+ f5 50. Ra5 Kh4 51. Rb5 Kg5 52. Ra5
Rd3 53. Rb5 Ra3 54. Rc5 Kf4 55. Rb5 Ra4 56. Rb8 Ra5 57. Rg8 Rb5 58. Rg7 Ke5 59.
Rg6 Rb2 60. Kg1 Rb3 61. Kg2 Rh3 62. Kg1 Rh4 63. Kg2 Rh3 1/2-1/2